000 00860nmm a2200265 a 4500
001 ocm0001083816
003 TR-IsHL
005 20201028151822.0
008 150709s2015 tu tur
007 cr cn
035 _a1083816
_b(N$T)
050 0 4 _aPL248.H393
_bİ75 2015
090 0 4 _aPL248.H393
_bİ75 2015
100 1 _aHazar, Aynur
245 1 0 _aİsmi lazım değil cismi aşk
_h[electronic resource] /
_cAynur Hazar ; editör Asyacan Nermin Devrimci
260 _aİstanbul :
_bMola Kitap,
_c2015
300 _a137 p.
650 4 _aDil ve Edebiyat
650 4 _aLanguage and Literature
650 0 _aTürk şiiri
650 0 _aTurkish poetry
650 7 _aPOETRY / Middle Eastern
_2bisacsh
700 1 _aDevrimci, Asyacan Nermin
856 4 0 _uhttp://search.ebscohost.com/login.aspx?direct=true&scope=site&db=e011xww&AN=1083816
999 _c11205
_d11205